[Event "GBR-ch U14 106th"]
[Site "Torquay"]
[Date "2019.08.01"]
[Round "5"]
[White "Lokwani, Lakshya"]
[Black "Crosby, Ben"]
[Result "1-0"]
[WhiteElo "1572"]
[BlackElo "1555"]
[PlyCount "119"]
[EventDate "2019.07.28"]
[EventType "swiss"]
[EventRounds "7"]
[EventCountry "ENG"]
[SourceTitle "EXT 2020"]
[Source "ChessBase"]
[SourceDate "2019.10.17"]
[SourceVersion "1"]
[SourceVersionDate "2019.10.17"]
[SourceQuality "1"]

1. Nf3 d5 2. g3 Nf6 3. c4 e6 4. Bg2 Be7 5. 0-0 0-0 6. d4 dxc4 7. Qc2 a6 8. a4 Bd7 9. Qxc4 Bc6 10. Bf4 Nd5 11. Bd2 Nd7 12. Nc3 N7b6 13. Qb3 Nxc3 14. bxc3 Bd5 15. Qc2 f5 16. Ne5 Bxg2 17. Kxg2 c5 18. e3 Rc8 19. Qa2 Qd5+ 20. f3 Bf6 21. Qxd5 Nxd5 22. Nd7 cxd4 23. cxd4 Rfd8 24. Nxf6+ Nxf6 25. Rfc1 Kf7 26. Kf2 Ke7 27. Ke2 Rxc1 28. Rxc1 Kd7 29. a5 Rc8 30. Rxc8 Kxc8 31. Kd3 Kd7 32. e4 g6 33. Bg5 Ne8 34. g4 Nd6 35. Bd2 Ne8 36. gxf5 gxf5 37. exf5 exf5 38. d5 Nf6 39. Kd4 Ne8 40. Bf4 Nf6 41. Be5 Ne8 42. Kc5 h5 43. h4 Nc7 44. Bxc7 Kxc7 45. f4 Kd7 46. Kb6 Kd6 47. Kxb7 Kxd5 48. Kxa6 Kc6 49. Ka7 Kc7 50. a6 Kc6 51. Kb8 Kd5 52. a7 Ke4 53. a8Q+ Kxf4 54. Qg2 Ke3 55. Qg3+ Ke4 56. Qf2 f4 57. Kc7 f3 58. Kd6 Kf4 59. Kd5 Kg4 60. Ke4 1-0

[Event "GBR-ch U14 106th"]
[Site "Torquay"]
[Date "2019.07.29"]
[Round "2"]
[White "Crosby, Ben"]
[Black "Pettit, Felicity Ol"]
[Result "1-0"]
[WhiteElo "1555"]
[BlackElo "1233"]
[PlyCount "87"]
[EventDate "2019.07.28"]
[EventType "swiss"]
[EventRounds "7"]
[EventCountry "ENG"]
[SourceTitle "EXT 2020"]
[Source "ChessBase"]
[SourceDate "2019.10.17"]
[SourceVersion "1"]
[SourceVersionDate "2019.10.17"]
[SourceQuality "1"]

1. d4 d5 2. c4 e6 3. Nc3 Nf6 4. Bg5 Be7 5. Nf3 0-0 6. e3 b6 7. Rc1 Bb7 8. cxd5 Nxd5 9. Nxd5 Bxd5 10. Bf4 c5 11. Bc4 Bb7 12. 0-0 Nd7 13. d5 exd5 14. Bxd5 Bxd5 15. Qxd5 Nf6 16. Qxd8 Rfxd8 17. Rfd1 Rac8 18. Kf1 h6 19. h3 a6 20. Rxd8+ Rxd8 21. Bc7 Rc8 22. Bxb6 Rc6 23. Ba5 Ne4 24. Nd2 Nxd2+ 25. Bxd2 Kh7 26. Rc4 Rd6 27. Ke2 Rg6 28. g4 Rc6 29. e4 Rb6 30. b3 Re6 31. Be3 Rc6 32. b4 Rb6 33. bxc5 Rb2+ 34. Kf3 Rb8 35. c6 Rc8 36. Bf4 Bf6 37. c7 Bg5 38. Bg3 Bd2 39. Rd4 Ba5 40. Rc4 g6 41. Rc5 Bb6 42. Rc6 Ba5 43. Rxa6 Bxc7 44. Rc6 1-0

[Event "GBR-ch U14 106th"]
[Site "Torquay"]
[Date "2019.07.28"]
[Round "1"]
[White "Sanitt, Jacqui"]
[Black "Crosby, Ben"]
[Result "1-0"]
[WhiteElo "1114"]
[BlackElo "1555"]
[PlyCount "119"]
[EventDate "2019.07.28"]
[EventType "swiss"]
[EventRounds "7"]
[EventCountry "ENG"]
[SourceTitle "EXT 2020"]
[Source "ChessBase"]
[SourceDate "2019.10.17"]
[SourceVersion "1"]
[SourceVersionDate "2019.10.17"]
[SourceQuality "1"]

1. e4 e6 2. d4 d5 3. exd5 exd5 4. Bd3 Bd6 5. Nc3 c6 6. h3 Ne7 7. Nf3 0-0 8. 0-0 Bf5 9. Re1 Re8 10. Rxe7 Qxe7 11. Bxf5 Nd7 12. Be3 Nb6 13. b3 a5 14. a4 Nd7 15. Qd3 g6 16. Bg4 f5 17. Bxf5 gxf5 18. Qxf5 Rf8 19. Qg4+ Qg7 20. Qe6+ Qf7 21. Qxd6 Qf5 22. Qg3+ Kh8 23. Rc1 Rg8 24. Ng5 Rg6 25. Qh4 Nf8 26. Ne2 Re8 27. Ng3 Qd7 28. Qf4 Ne6 29. Nxe6 Qxe6 30. Qe5+ Qxe5 31. dxe5 Kg8 32. Bd4 b5 33. Nf5 Rge6 34. Re1 Rf8 35. Nd6 Rf4 36. axb5 cxb5 37. Bb2 a4 38. Nxb5 axb3 39. cxb3 Rb4 40. Nd4 Re8 41. e6 Kf8 42. Ba3 Kg7 43. Bxb4 Rb8 44. e7 Kf7 45. Nf5 Ke8 46. Nd6+ Kd7 47. e8Q+ Rxe8 48. Rxe8 h5 49. f4 h4 50. f5 d4 51. f6 d3 52. f7 d2 53. Bxd2 Kxd6 54. f8Q+ Kd7 55. Rd8+ Kc6 56. Qf7 Kb6 57. Rd5 Kc6 58. Qe6+ Kc7 59. Rd7+ Kb8 60. Qe8# 1-0